<?xml version='1.0' encoding='UTF-8'?>
  <record xmlns="http://www.loc.gov/MARC21/slim">
    <leader>00000cam a22000007i 4500</leader>
    <controlfield tag="001">on1245471631</controlfield>
    <controlfield tag="003">OCoLC</controlfield>
    <controlfield tag="005">20241028065956.9</controlfield>
    <controlfield tag="008">210408s1578    gw            001 0 lat  </controlfield>
    <datafield tag="040" ind1=" " ind2=" ">
      <subfield code="a">QGJ</subfield>
      <subfield code="b">eng</subfield>
      <subfield code="e">rda</subfield>
      <subfield code="e">dcrmr</subfield>
      <subfield code="c">QGJ</subfield>
      <subfield code="d">QGJ</subfield>
      <subfield code="d">OCL</subfield>
      <subfield code="d">OCLCO</subfield>
      <subfield code="d">QGJ</subfield>
      <subfield code="d">OCLCO</subfield>
      <subfield code="d">OCLCL</subfield>
      <subfield code="d">QGJ</subfield>
    </datafield>
    <datafield tag="035" ind1=" " ind2=" ">
      <subfield code="a">(OCoLC)1245471631</subfield>
    </datafield>
    <datafield tag="100" ind1="1" ind2=" ">
      <subfield code="a">Chytraeus, David,</subfield>
      <subfield code="d">1531-1600,</subfield>
      <subfield code="e">author.</subfield>
      <subfield code="4">aut</subfield>
      <subfield code="1">https://id.oclc.org/worldcat/entity/E39PBJmP3wqmjbVmGT3GXMxhpP</subfield>
    </datafield>
    <datafield tag="245" ind1="1" ind2="0">
      <subfield code="a">Historia Augustanae confessionis, :</subfield>
      <subfield code="b">Continens seriem variarum de, liberationum et actorum in causa religionis, eo tempore, quo Augustae Confessio fidei, quae et ipsa inserta est, Carolo V. Imper. a Iohanne, Electore Saxoniae, et coniunctis Principibus ac Ciuitatibus, primùm exhibita est in Comitijs Anni M.D.XXX. /</subfield>
      <subfield code="c">Contexta a D. Davide Chytraeo, V. CL. Sacrosanctae theologiae in Academia Rostochiana Professore.</subfield>
    </datafield>
    <datafield tag="246" ind1="3" ind2=" ">
      <subfield code="a">Historia Avgvstanae confessionis</subfield>
    </datafield>
    <datafield tag="264" ind1=" " ind2="1">
      <subfield code="a">Francoforti ad Moenum, :</subfield>
      <subfield code="b">apud Paulum Reffeler, impensis Sigismundi Feirabend.,</subfield>
      <subfield code="c">1578.</subfield>
    </datafield>
    <datafield tag="300" ind1=" " ind2=" ">
      <subfield code="a">[8], 694 pages, [3] leaves ;</subfield>
      <subfield code="c">24 cm (4to)</subfield>
    </datafield>
    <datafield tag="336" ind1=" " ind2=" ">
      <subfield code="a">text</subfield>
      <subfield code="b">txt</subfield>
      <subfield code="2">rdacontent</subfield>
    </datafield>
    <datafield tag="337" ind1=" " ind2=" ">
      <subfield code="a">unmediated</subfield>
      <subfield code="b">n</subfield>
      <subfield code="2">rdamedia</subfield>
    </datafield>
    <datafield tag="338" ind1=" " ind2=" ">
      <subfield code="a">volume</subfield>
      <subfield code="b">nc</subfield>
      <subfield code="2">rdacarrier</subfield>
    </datafield>
    <datafield tag="340" ind1=" " ind2=" ">
      <subfield code="m">4to</subfield>
      <subfield code="2">rdabf</subfield>
    </datafield>
    <datafield tag="500" ind1=" " ind2=" ">
      <subfield code="a">Name of printer from colophon which reads: "Impressum Francoforti ad Moenum, apud Paulum Reffeler, impensis Sigismundi Feirabend. M.D.LXXVIII."</subfield>
    </datafield>
    <datafield tag="500" ind1=" " ind2=" ">
      <subfield code="a">Preface by Matthias Ritterus.</subfield>
    </datafield>
    <datafield tag="500" ind1=" " ind2=" ">
      <subfield code="a">Printer's device on title page, page [413], page 471, page 633 and colophon.</subfield>
    </datafield>
    <datafield tag="500" ind1=" " ind2=" ">
      <subfield code="a">Signatures: ").("⁴, A-Z⁸, a-x⁸ (x7-8 are blank).</subfield>
    </datafield>
    <datafield tag="500" ind1=" " ind2=" ">
      <subfield code="a">With initials, tail-pieces</subfield>
    </datafield>
    <datafield tag="500" ind1=" " ind2=" ">
      <subfield code="a">Includes index.</subfield>
    </datafield>
    <datafield tag="500" ind1=" " ind2=" ">
      <subfield code="a">Also includes, with their own title pages, but with continuous pagination: Sequitur confessio fidei exhibita inuictissimo imp. Carolo V. Caesari Augusto in Comitiis Augustae, anno M.D.XXX. Die XXV. Iunij. -- Prima delineatio apologiae confessionis Augustanae in comitiis anni 1530. Caesari Carolo die 22. Septembris oblata, sed non recepta. -- Confessio piae doctrinae, quae nomine illustrissimi principis ac domini, D. Christophori ducis Wirtembergensis et Teccensis, ac Comitis Montisbeligardi, per Legatos eius, Die XXIIII. Mensis Ianuarij, Anno M.D.LII. congregationi Tridentini Concilij proposita est. anno M.D.LXXVIII. [Confessio Wirtebergensis] -- Confessio doctrinae Saxonicarum ecclesiarum, scripta anno Domini M.D.LI. ut synodo Tridentinae exhiberetur. M.D.LXXVIII. [Confessio Saxonica] -- Acta cum Cinglianis, anno M.D.XXIX. Marpurgae, et M.D.XXX. Augustae. M.D.LXXVIII.</subfield>
    </datafield>
    <datafield tag="510" ind1="4" ind2=" ">
      <subfield code="a">Verzeichnis der im deutschen Sprachbereich erschienenen Drucke des 16. Jahrhunderts (VD 16),</subfield>
      <subfield code="c">C 2600</subfield>
      <subfield code="u">https://gateway-bayern.de/VD16+C+2600</subfield>
    </datafield>
    <datafield tag="510" ind1="4" ind2=" ">
      <subfield code="a">Adams, H.M. Catalogue of books printed on the continent of Europe, 1501-1600, in Cambridge libraries,</subfield>
      <subfield code="c">1590</subfield>
    </datafield>
    <datafield tag="510" ind1="4" ind2=" ">
      <subfield code="a">Index Aureliensis: catalogus librorum sedecimo saeculo impressorum,</subfield>
      <subfield code="c">136963</subfield>
    </datafield>
    <datafield tag="630" ind1="0" ind2="0">
      <subfield code="a">Augsburg Confession.</subfield>
    </datafield>
    <datafield tag="650" ind1=" " ind2="0">
      <subfield code="a">Lutheran Church</subfield>
      <subfield code="x">Doctrines</subfield>
      <subfield code="v">Early works to 1800.</subfield>
    </datafield>
    <datafield tag="650" ind1=" " ind2="0">
      <subfield code="a">Lutheran Church</subfield>
      <subfield code="x">History</subfield>
      <subfield code="y">16th century.</subfield>
    </datafield>
    <datafield tag="610" ind1="1" ind2="0">
      <subfield code="a">Holy Roman Empire.</subfield>
      <subfield code="b">Reichstag</subfield>
      <subfield code="d">(1530 :</subfield>
      <subfield code="c">Augsburg, Germany)</subfield>
    </datafield>
    <datafield tag="650" ind1=" " ind2="6">
      <subfield code="a">Église luthérienne</subfield>
      <subfield code="x">Doctrines</subfield>
      <subfield code="v">Ouvrages avant 1800.</subfield>
    </datafield>
    <datafield tag="650" ind1=" " ind2="6">
      <subfield code="a">Église luthérienne</subfield>
      <subfield code="x">Histoire</subfield>
      <subfield code="y">16e siècle.</subfield>
    </datafield>
    <datafield tag="610" ind1="1" ind2="7">
      <subfield code="a">Holy Roman Empire.</subfield>
      <subfield code="b">Reichstag</subfield>
      <subfield code="2">fast</subfield>
    </datafield>
    <datafield tag="630" ind1="0" ind2="7">
      <subfield code="a">Augsburg Confession</subfield>
      <subfield code="2">fast</subfield>
    </datafield>
    <datafield tag="650" ind1=" " ind2="7">
      <subfield code="a">Lutheran Church</subfield>
      <subfield code="2">fast</subfield>
    </datafield>
    <datafield tag="650" ind1=" " ind2="7">
      <subfield code="a">Lutheran Church</subfield>
      <subfield code="x">Doctrines</subfield>
      <subfield code="2">fast</subfield>
    </datafield>
    <datafield tag="648" ind1=" " ind2="7">
      <subfield code="a">1500-1599</subfield>
      <subfield code="2">fast</subfield>
    </datafield>
    <datafield tag="655" ind1=" " ind2="7">
      <subfield code="a">History</subfield>
      <subfield code="2">fast</subfield>
    </datafield>
    <datafield tag="655" ind1=" " ind2="7">
      <subfield code="a">Early works</subfield>
      <subfield code="2">fast</subfield>
    </datafield>
    <datafield tag="700" ind1="1" ind2=" ">
      <subfield code="a">Ritter, Matthias,</subfield>
      <subfield code="d">1526-1588,</subfield>
      <subfield code="e">author of introduction, etc.</subfield>
      <subfield code="4">aui</subfield>
      <subfield code="1">https://id.oclc.org/worldcat/entity/E39PBJk96GyfHx7667Tj8VtVG3</subfield>
    </datafield>
    <datafield tag="700" ind1="1" ind2=" ">
      <subfield code="a">Reffeler, Paul,</subfield>
      <subfield code="d">active 1563-1585,</subfield>
      <subfield code="e">printer.</subfield>
      <subfield code="4">prt</subfield>
      <subfield code="1">https://id.oclc.org/worldcat/entity/E39PCjBwM9cPvDxwJwJH7mdxXd</subfield>
    </datafield>
    <datafield tag="700" ind1="1" ind2=" ">
      <subfield code="a">Feyerabend, Sigmund,</subfield>
      <subfield code="d">1528-1590,</subfield>
      <subfield code="e">bookseller,</subfield>
      <subfield code="e">publisher.</subfield>
      <subfield code="4">bsl</subfield>
      <subfield code="4">pbl</subfield>
      <subfield code="1">https://id.oclc.org/worldcat/entity/E39PBJd3JFPtyF9Wmmvrr7ppT3</subfield>
    </datafield>
    <datafield tag="740" ind1="0" ind2=" ">
      <subfield code="a">equitur confessio fidei exhibita inuictissimo imp. Carolo V. Caesari Augusto in Comitiis Augustae.</subfield>
    </datafield>
    <datafield tag="740" ind1="0" ind2=" ">
      <subfield code="a">Prima delineatio apologiae confessionis Augustanae.</subfield>
    </datafield>
    <datafield tag="740" ind1="0" ind2=" ">
      <subfield code="a">Confessio piae doctrinae.</subfield>
    </datafield>
    <datafield tag="740" ind1="0" ind2=" ">
      <subfield code="a">Confessio Wirtebergensis.</subfield>
    </datafield>
    <datafield tag="740" ind1="0" ind2=" ">
      <subfield code="a">Confessio doctrinae Saxonicarum ecclesiarum, scripta anno domini M.D.LI. ut synodo Tridentinae exhiberetur.</subfield>
    </datafield>
    <datafield tag="740" ind1="0" ind2=" ">
      <subfield code="a">Confessio Saxonica.</subfield>
    </datafield>
    <datafield tag="740" ind1="0" ind2=" ">
      <subfield code="a">Acta cum Cinglianis.</subfield>
    </datafield>
    <datafield tag="752" ind1=" " ind2=" ">
      <subfield code="a">Germany</subfield>
      <subfield code="d">Frankfurt am Main,</subfield>
      <subfield code="e">publication place.</subfield>
      <subfield code="4">pup</subfield>
    </datafield>
    <datafield tag="758" ind1=" " ind2=" ">
      <subfield code="i">has work:</subfield>
      <subfield code="a">Historia Augustanae confessionis (Text)</subfield>
      <subfield code="1">https://id.oclc.org/worldcat/entity/E39PCGwvXTBcQjWxDrXPCvycKb</subfield>
      <subfield code="4">https://id.oclc.org/worldcat/ontology/hasWork</subfield>
    </datafield>
  </record>